The art and background of old english poetry (Record no. 4479)

MARC details
000 -LEADER
fixed length control field 00544cam a2200193ua 4500
001 - CONTROL NUMBER
control field 5301
005 - DATE AND TIME OF LATEST TRANSACTION
control field 20260515113847.0
008 - FIXED-LENGTH DATA ELEMENTS--GENERAL INFORMATION
fixed length control field 120730n enk |||gr||||Z||||||eng
020 ## - INTERNATIONAL STANDARD BOOK NUMBER
International Standard Book Number 0-7131-6100-0
040 ## - CATALOGING SOURCE
Transcribing agency MAIN
082 ## - DEWEY DECIMAL CLASSIFICATION NUMBER
Classification number 829.1
100 ## - MAIN ENTRY--PERSONAL NAME
Personal name Raw, Barbara C.,
Dates associated with a name 1978,
Relator term Author,
245 11 - TITLE STATEMENT
Title The art and background of old english poetry
Statement of responsibility, etc. by Barbara C. Raw
250 ## - EDITION STATEMENT
Edition statement 1st.
260 ## - PUBLICATION, DISTRIBUTION, ETC.
Place of publication, distribution, etc. London:
Name of publisher, distributor, etc. British library cataloguing in publication data,
Date of publication, distribution, etc. 1978.
300 ## - PHYSICAL DESCRIPTION
Extent 148p:
Dimensions 23cm.
653 ## - INDEX TERM--UNCONTROLLED
Uncontrolled term Old English (Anglo-Saxon)
942 ## - ADDED ENTRY ELEMENTS (KOHA)
Koha item type Books
Holdings
Withdrawn status Lost status Damaged status Not for loan Home library Current library Shelving location Date acquired Total checkouts Full call number Barcode Date last seen Copy number Price effective from Koha item type
        Naharkatiya College Library Naharkatiya College Library General stacks 09/19/2020   829.1 | RAW 4956 09/19/2020 1 09/19/2020 Books